| 000 | 00440nam a2200181Ia 4500 | ||
|---|---|---|---|
| 001 | 3485 | ||
| 005 | 20260306145647.0 | ||
| 008 | 260306t2008||||xx |||||||||||||| ||spa|| | ||
| 041 | _aESP | ||
| 082 |
_a280 _bC265 |
||
| 100 |
_aCongregación para la Doctrina de la Fe _eAUT |
||
| 245 | 0 | _aDocumentos 1966-2007 | |
| 260 | _c2008 | ||
| 300 |
_axxxvi, 870 pƔginas : _c20 cm. |
||
| 650 | _aGEN | ||
| 654 | _aCHU | ||
| 942 |
_cLIB _dJUS _fJUS _2ddc _n |
||
| 999 |
_c3485 _d3485 |
||